Corazón / Edmondo de Amícis ; versión tomada y adaptada de H. Giner de los Ríos realizada a la 44a edición italina : con ilustraciones y grabados de N. Cardi... <et al.>. (Registro nro. 49019)
[ vista simple ]
| 000 -LÍDER | |
|---|---|
| Campo fijo de descripción fija | 007120000a22002050004500 |
| 001 - NÚMERO DE CONTROL | |
| Campo de control | 1865 |
| 003 - IDENTIFICADOR DEL NÚMERO DE CONTROL | |
| Campo de control | CO-MdFUSB |
| 005 - FECHA Y HORA DE LA ULTIMA TRANSACCIÓN | |
| control field | 20170719155828.0 |
| 008 - ELEMENTOS DE LONGITUD FIJA -- INFORMACIÓN GENERAL | |
| Campo fijo de descripción fija -- Información general | 170719b xxu||||| |||| 00| 0 eng d |
| 020 ## - NÚMERO INTERNACIONAL NORMALIZADO PARA LIBROS | |
| Número Internacional Normalizado del libro | 978-958-30-0094-2 |
| 040 ## - FUENTE DE CATALOGACIÓN | |
| Agencia que realiza la transcripción | CO-MdBIC |
| 082 04 - NÚMERO DE CLASIFICACIÓN DECIMAL DEWEY | |
| Número de clasificación | 863N Am51c |
| 100 1# - ASIENTO PRINCIPAL--NOMBRE PERSONAL | |
| Nombre personal | de Amícis, Edmondo |
| 245 10 - TÍTULO | |
| Título del Material | Corazón / Edmondo de Amícis ; versión tomada y adaptada de H. Giner de los Ríos realizada a la 44a edición italina : con ilustraciones y grabados de N. Cardi... <et al.>. |
| 250 ## - MENCIÓN DE EDICIÓN | |
| Mención de edición | edición Gabriel Silva Rincón |
| 260 ## - PUBLICACIÓN, DISTRIBUCIÓN, ETC. (PIE DE IMPRENTA) | |
| Lugar de publicación, distribución, etc. | Santafé de Bogotá : Panamericana Editorial |
| 300 ## - DESCRIPCIÓN FÍSICA | |
| Extensión | 352 P. |
| 650 14 - ASIENTO SECUNDARIO DE MATERIA - TERMINO TEMÁTICO | |
| Término temático o nombre geográfico como elemento de entrada | Novela Italiana \ Juventud - Novela \ Familia - Novela |
| 942 ## - TIPO DE MATERIAL (KOHA) | |
| Tipo de Item KOHA | Z- Libro General BINCO |
| Estado de Material | Estado de Perdido | Forma de Clasificación | Volumen-Parte/Tomo | Estado de Dañado | No para Préstamo | Tomo | Biblioteca de Origen | Biblioteca Permanente | Fecha de Adquisición | Total de Préstamos | Signatura Topográfica | Código de Barras | Última vez visto | Última vez Préstado | Ejemplar/Existencia | Fecha de Remplazo | Tipo de Material |
|---|---|---|---|---|---|---|---|---|---|---|---|---|---|---|---|---|---|
| Dewey Decimal Classification | Biblioteca Infantil Comunitaria BINCO | Biblioteca Infantil Comunitaria BINCO | 14/02/2009 | 1 | 863N Am51c | B32447 | 24/11/2016 | 26/02/2016 | 1 | 26/01/2016 | Z- Libro General BINCO |
